000 00364nam a2200145Ia 4500
008 191201s1962 xx 000 0 und d
082 _a510.5
100 _aWEATHERBURN,CE
245 0 _aFirst Course in Mathematical Statistics
250 _a2nd Rep
260 _aN. Delhi
_bCambridge University Press
_c1962
300 _a277
650 _aApplied
942 _2ddc
_cBK
999 _c534
_d534